000 00314nam a22001337a 4500
008 181017b xxu||||| |||| 00| 0 eng d
020 _a0231052928
041 _aeng
080 _a370
100 _a47
101 _aEDU
245 _aWriting And Exprience Of Limits Of Limits
_cSollers.P
942 _2udc
_cBK
999 _c49957
_d49957